1305 1777 1618 1201 1337 1211 1760 1774 1281 1655 1222 1125 1756 1643 1850 1351 1139 1205 2000 1493 1571 1551 1353 1397 1366 1221 1403 1012 1889 1243 1561 1894 1723 1457 1506 1060 1653 1408 1935 1641 1857 1890 1209 1419 1559 1837 1257 1820 1830 1704 1226 1413 1374 1886 1627 1610 1388 1743 1403 1696 1824 1081 1263 1061 1177 1429 1529 1281 1664 1212 1693 1774 1321 1678 1678 1686 1906 1583 1667 1261 1410 1247 1533 1842 1696 1489 1875 1468 1780 1921 1519 1960 1373 1593 1187 1884 1544 1536 1659 BCNSPRNW ULIB Ver.6.0+V

เปลี่ยนเป็นภาษาไทย

Change to English
 แสดงรายละเอียดบรรณานุกรม
  กลับหน้าหลัก

Brief Record : Get Marc (ISO 2709) : E-mail record : QR code < ปิดหน้าต่าง
LEADER : 00000nam 2200000uu 4500
001    13399114357
003     ULIB
008    110627s||||||||th 000 0 tha d
020    9748327828
090    นว.^bค949ส ล.13
100 0  หวัง ซุก หยัง
245 00 สามก๊ก 13 ตอน อวสานราชวงศ์ฮั่น/^cหวัง ซุก หยัง
250    พิมพ์ครั้งที่ 1
260    กรุงเทพฯ :^bนานมีบุ๊คส์,^c2551
300    176 หน้า
710 1  นานมีบุ๊คส์
945    ^p158^l0^i024713
995    ทศพร
999 ^a ใช้งานได้ทุกระบบ
รายการนี้ยังไม่มีแท็ก
คุณยังไม่ได้ล็อกอิน คุณสามารถมีกิจกรรมร่วมกับเว็บไซต์ได้ แต่ต้องล็อกอินก่อน ::
  ล็อกอิน

รายการสื่อสารสนเทศ

ลำดับที่ ประเภท เลขเรียก/บาร์โค้ด สถานที่ สถานะ
1. นวนิยาย
นวนิยาย
นว. ค949ส ล.13 ฉ.1 
  Barcode: 024713
ห้องสมุดวิทยาเขตสวรรค์ประชารักษ์
►นวนิยาย
บนชั้น
  ขอยืม

รายการใกล้เคียง
    ผู้แต่ง [หวัง ซุก หยัง]

BibComment


ยังไม่เคยถูกคอมเมนท์

คอมเมนท์ทรัพยากรรายการนี้
  คอมเมนท์: สามก๊ก 13 ตอน อวส..


 Copyright 2026. Bcnsprnw @Library